|
|
|
|
| LEADER |
00000nab a2200000 a 4500 |
| 001 |
vtls010313343 |
| 003 |
SK-MaSNL |
| 005 |
20260304053233.0 |
| 008 |
110926 2011 xo m | 000 0 cze |
| 015 |
|
|
|a SNBRB2011/09
|2 lmaosk
|
| 040 |
|
|
|a LMAOSK
|b slo
|c LMAOSK
|e AACR2
|
| 041 |
0 |
|
|a cze
|a slo
|
| 044 |
|
|
|a xo
|c SK
|
| 080 |
|
|
|a 623.7:061.43
|2 1981
|
| 080 |
|
|
|a 629.7:061.43
|2 1981
|
| 100 |
1 |
|
|a Gyűrösi, Miroslav,
|d 1965-
|4 aut
|9 388192
|
| 245 |
1 |
0 |
|a MAKS 2011
|c Miroslav Gyűrösi
|
| 300 |
|
|
|b Fotogr.
|
| 611 |
1 |
7 |
|a MAKS
|n 10.
|d 2011
|c Žukovskij, Rusko
|2 lmaosk
|9 1337243
|
| 650 |
0 |
7 |
|a letecká technika
|2 lmaosk
|9 70986
|
| 651 |
|
7 |
|a Rusko
|2 lmaosk
|9 17250
|
| 773 |
0 |
|
|t ATM
|g Roč. 43, č. 9 (2011), s. 2-5
|x 1802-4823
|
| 852 |
|
|
|a LMAOSK
|b KIS3GCP
|
| 856 |
4 |
1 |
|u http://www.atmonline.cz
|
| 958 |
|
|
|a NB
|
| 999 |
|
|
|c 2712414
|d 2714344
|